006170000a22001570004500003001100000008004100011040003900052041000800091082001600099111019300115245006600308260003400374300001000408650001600418700002500434LK-CoMWRAF230817t2009 ||||| |||| 00| 0 eng d aLK-CoMWRAFdLK-CoMWRAFeLK-CoMWRAF aeng a305.42bWOM aWomen in India: Reflecting on Our History and Shaping Our Future : Proceedings of a Consultation on Gender and Development Jointly Organised by CWDS and HIVOS, cBangalored24-26 June 1993 aWomen in India:breflecting on our history shaping our future aBangalore:bCWDS/HIVOS,c1993 a89 p. aWOMEN-India aRamakrishna, Jamuna